000 00519nam a22002177a 4500
003 UA-OsUOA
001 126310
007 ta
008 20171017b un ||||| |||| 00| 0 ukr d
100 _aКостюченко В.
090 _a82
_bК72
942 _cSA
040 _aUA-OsUOA
_bukr
_cUA-OsUOA
_dUA-OsUOA
245 _aТичина і ми
300 _aС.10
955 _a0
041 _aukr
080 _a82
773 0 _w126309
650 7 _a82 Література. Літературознавство
_2UDC
999 _c414529
_d414529